| 000 | 00611nam a2200205Ii 4500 | ||
|---|---|---|---|
| 003 | JO-AjNU | ||
| 008 | 230606s9999||||xx |||||||||||||| ||und|| | ||
| 020 | _a81-8052-075-7 | ||
| 040 |
_aJO-AjNU _beng _erda _cJO-AjNU |
||
| 041 | _aeng | ||
| 050 | 1 | 4 | _aTA347.2008 |
| 100 | 3 |
_aMukhopdhay, Madhujit/Abdul hamid sheikh, _eauthor _93815 |
|
| 245 | 0 | 0 | _aMatrix and Finite Element Analyses of Structures |
| 264 | 3 | 1 | _aNewDelhi: Ane books,2008 |
| 300 | _a438p | ||
| 336 |
_atext _btxt _2rdacontent |
||
| 337 |
_aunmediated _bn _2rdamedia |
||
| 338 |
_avolume _bnc _2rdacarrier |
||
| 650 | 4 |
_aAnalyses Structure _93816 |
|
| 999 |
_aE1990 _c1990 _d1990 |
||